000 00527nam a22001697a 4500
001 45643
003 BD-DhUET
008 260401b xxu||||| |||| 00| 0 eng d
040 _c0
_dBD-DhUET
100 _aNazrul Islam, Md.
245 _aControlled synthesis of manganese(IV) oxide/iron(III) oxide nanostructured mixed oxide for supercapacitor application
260 _aDhaka
_bDepartment of Chemistry, BUET
_c2026
300 _axiii,71p.
501 _aOne CD-ROM
504 _aIncludes bibliographies
942 _cTH
999 _c45643
_d45643